| 000 | 00935nam a22002417a 4500 | ||
|---|---|---|---|
| 005 | 20250401150953.0 | ||
| 008 | 250401b |||||||| |||| 00| 0 eng d | ||
| 020 | _a978-81-7143-653-8(hbk) | ||
| 037 | _cTB | ||
| 040 |
_aAL _cAL |
||
| 041 |
_2Pun _apun |
||
| 084 | _aY:351.243 153Q7 | ||
| 100 | _aਦਰਿਆ | ||
| 245 |
_aਪੰਜਾਬੀ ਲੋਕਧਾਰਾ ਅਧਿਐਨ: _bਵਿਭਿਨ ਪਾਸਾਰ |
||
| 260 |
_aਅੰਮ੍ਰਿਤਸਰ, ਭਾਰਤ: _bਰਵੀ ਸਹਿਤਯ ਪ੍ਰਕਾਸ਼ਨ, _c2020. |
||
| 300 | _a184 p. | ||
| 365 |
_b280.00 _cINR |
||
| 650 | _aਸਮਾਂਜ ਸਾਸਤ੍ਰ | ||
| 650 | _aਲੋਕ ਸਹਿਤਯ | ||
| 650 | _aਪੰਜਾਬੀ ਲੋਕਧਾਰਾ | ||
| 942 |
_2CC _cTB _hY:351.243 153Q7 _n0 |
||
| 999 |
_c1308345 _d1308345 |
||